000 00784nam a22002777a 4500
001 BR0101211
003 BR-BrBNA
005 20230928100824.0
007 ta
008 230509b bl.||||| |||| 00| 0 por d
040 _aBR-BrBNA
_bpor
_cBiblioteca Nacional de Agricultura
041 _a(Eng, Por)
072 _aF06; E14
090 _ F06 BR0101211
110 1 _aCompanhia de Desenvolvimento do Vale do Sao Francisco, Brasilia, DF (Brasil)
_92357
245 1 _aProjeto Nilo Coelho; uma nova paisagem no semi-arido nordestino
260 3 _aBrasilia, DF (Brasil):
_c1984.
300 _a38 p.
500 _a35 illus.
650 _aIrrigacao
650 _aCanal
650 _aProjeto Agricola
650 _aNordeste
909 _a202309
_bLucia
_c55
_dLucia Elande
942 _cBK
999 _c62967
_d62967